| Tag |
First Indicator |
Second Indicator |
Subfields |
| LEADER |
00000cam a22000001a 4500 |
| 001 |
in00003290537 |
| 006 |
m d f |
| 007 |
cr bn mmmapmmp |
| 008 |
091022s1991 dcu ob f000 0 eng d |
| 005 |
20260504163238.0 |
| 035 |
|
|
|a cis2007459302
|
| 040 |
|
|
|a UMI
|c UMI
|d UtOrBLW
|
| 043 |
|
|
|a n-us---
|
| 074 |
|
|
|a 1039-A, 1039-B (MF)
|
| 086 |
0 |
|
|a Y 4.F 76/2:S.hrg.101-1128/pt.1-
|
| 099 |
|
|
|a HRG-1990-FOR-0030
|
| 099 |
|
|
|a HRG-1990-FOR-0029
|
| 110 |
1 |
|
|a United States.
|b Congress.
|b Senate.
|b Committee on Foreign Relations.
|
| 245 |
1 |
0 |
|a U.S. policy in the Persian Gulf :
|b hearings before the Committee on Foreign Relations, United States Senate, One Hundred First Congress, second session ...
|
| 264 |
|
1 |
|a Washington :
|b U.S. G.P.O.,
|c 1991.
|
| 300 |
|
|
|a 1 online resource.
|
| 336 |
|
|
|a text
|b txt
|2 rdacontent
|
| 337 |
|
|
|a computer
|b c
|2 rdamedia
|
| 338 |
|
|
|a online resource
|b cr
|2 rdacarrier
|
| 490 |
1 |
|
|a S. hrg. ;
|v 101-1128
|
| 500 |
|
|
|a Record is based on bibliographic data in ProQuest Congressional Hearings Digital Collection. Reuse except for individual research requires license from ProQuest, LLC.
|
| 504 |
|
|
|a Includes bibliographical references.
|
| 538 |
|
|
|a System requirements: PDF reader software.
|
| 500 |
|
|
|a Electronic resource.
|
| 650 |
|
0 |
|a Iraq-Kuwait Crisis, 1990-1991.
|
| 650 |
|
0 |
|a Operation Desert Shield, 1990-1991.
|
| 651 |
|
0 |
|a Persian Gulf Region
|x Strategic aspects.
|
| 651 |
|
0 |
|a United States
|x Military relations
|z Persian Gulf Region.
|
| 651 |
|
0 |
|a Persian Gulf Region
|x Military relations
|z United States.
|
| 655 |
|
7 |
|a Electronic books.
|2 local
|
| 710 |
2 |
|
|a ProQuest (Firm)
|
| 776 |
0 |
8 |
|i Print version:
|a United States. Congress. Senate. Committee on Foreign Relations.
|t U.S. policy in the Persian Gulf
|w (DGPO)91067302
|w (OCoLC)23116397
|
| 776 |
0 |
8 |
|i Microfiche version:
|a United States. Congress. Senate. Committee on Foreign Relations.
|t U.S. policy in the Persian Gulf.
|d [Bethesda, Md.] : ProQuest,[2004]
|o CIS 91 S381-8
|o CIS 91 S381-24
|w (ProQuest)cis09102339
|
| 810 |
1 |
|
|a United States.
|b Congress.
|b Senate.
|t S. hrg. ;
|v 101-1128.
|
| 830 |
|
0 |
|a U.S. Congressional Hearings.
|
| 856 |
4 |
0 |
|u http://proxy.library.tamu.edu/login?url=https://congressional.proquest.com/congcomp/getdoc?HEARING-ID=HRG-1990-FOR-0030
|z Connect to the full text of this electronic book
|t 0
|
| 856 |
4 |
0 |
|u http://proxy.library.tamu.edu/login?url=https://congressional.proquest.com/congcomp/getdoc?HEARING-ID=HRG-1990-FOR-0029
|z Connect to the full text of this electronic book
|t 0
|
| 998 |
|
|
|a cis09102339
|
| 999 |
|
|
|a MARS
|
| 999 |
f |
f |
|s 21b358d5-a459-30bc-8d7a-189cda9ed948
|i 28302ee9-4427-3b1d-aed2-9805d7409b96
|t 0
|
| 952 |
f |
f |
|a Texas A&M University
|b College Station
|c Electronic Resources
|s www_evans
|d Available Online
|t 0
|e HRG-1990-FOR-0029
|h Other scheme
|
| 998 |
f |
f |
|a HRG-1990-FOR-0029
|t 0
|l Available Online
|